000 00683nam a22002057a 4500
999 _c159444
_d159444
005 20181218114842.0
010 _aENG-124564
020 _a9789353163426
_c799.00
035 _aEN-108096
037 _bDBAD/PUB.
082 _a620.106
100 _aSubramanya K
245 _aFluid mechanics and hydraulic machines:
_cby K Subramanya
_bproblems and solutions/
250 _a2nd ed.
260 _bTata McGraw Hill
_c2019
_aChennai
270 _a444,/1, Sri Ekambara Naicker Industrial Estate, Alapakkam, Porur,
_bChennai
_e600116
300 _axiv,958p.
_c26cm(pbk)
_bill.
500 _aIt includes Appendix-1 to 3 and index
942 _2ddc
_cEN
_mSUB
_h620.106